000 01010nam a22003257a 4500
001 BR2014001185
003 BR-BrBNA
005 20230928104404.0
007 ta
008 230509b bl.||||| |||| 00| 0 por d
040 _aBR-BrBNA
_bpor
_cBiblioteca Nacional de Agricultura
041 _a(Por)
072 _aF01
_b1885
090 _ 1885 BR2014001185
100 1 _aFigueirêdo, V.R. de
110 1 _aUniversidade Federal de Lavras, MG (Brasil)
_0Tese (Doutorado)
245 1 _aVariáveis físico-químicas, biológicas e ambientais para produção dos cogumelos Agaricus bisporus e Agaricus subrufescens
260 3 _aLavras, MG (Brasil):
_c2013.
300 _a87 p.
500 _aSummaries (Eng, Por); Several bibliography
650 _aCOGUMELO
650 _aPROPRIEDADE FÍSICO-QUÍMICA
650 _aBIOLOGIA DO SOLO
650 _aPRODUÇÃO VEGETAL
650 _aCOMPOSTAGEM
650 _aMICÉLIO
650 _aCRESCIMENTO
909 _a202309
_bLucia
_c55
_dLucia Elande
942 _cBK
999 _c79643
_d79643